header

Making American boys (Record no. 222238)

MARC details
000 -LEADER
fixed length control field 01359nam a2200349 a 4500
082 04 - DEWEY DECIMAL CLASSIFICATION NUMBER
Classification number 810.9/92826
100 1# - MAIN ENTRY--AUTHOR NAME
Personal name Kidd, Kenneth B.
245 10 - TITLE STATEMENT
Title Making American boys
260 ## - PUBLICATION, DISTRIBUTION, ETC. (IMPRINT)
Place of publication Minneapolis :
Name of publisher University of Minnesota Press,
Year of publication c2004.
300 ## - PHYSICAL DESCRIPTION
Number of Pages xi, 253 p.
650 #0 - SUBJECT ADDED ENTRY--TOPICAL TERM
Topical Term Children's stories, American
Topical Term Boys
Topical Term Feral children in literature.
Topical Term Boys in literature.
856 40 - ELECTRONIC LOCATION AND ACCESS
Uniform Resource Identifier http://site.ebrary.com/lib/rucke/Doc?id=10202561

No items available.

© 2026 Rongo University
Contact us: librarian | system librarian | Rongo university